000
00336nam a2200145Ia 4500
008
181130s2018 xx 000 0 und d
100
_a
Chatterji, Moushumi
245
_a
A people's museum 'beyond the wall'
260
_c
2018
300
_a
p.64-68.
504
_d
May
650
_a
Museums
773
_a
Seminar
906
_a
Museums
999
_c
506562
_d
506562